000 00357 a2200169 4500
001 191417
020 _a978-85-260-2054-2
040 _cMagnum
100 _aFrança, Mary
240 1 0 _aCacho de histórias
_lpor
245 1 0 _aCacho de histórias
300 _a26
362 0 _a2014
440 1 _aGlobal
697 _aLITERATURA INFANTO
942 _cBK
999 _c191417
_d191417